Normal view
MARC view
Entry Topical Term
001 - CONTROL NUMBER
- control field: 12569
003 - CONTROL NUMBER IDENTIFIER
- control field: BD-RjUL
005 - DATE AND TIME OF LATEST TRANSACTION
- control field: 20240327115619.0
008 - FIXED-LENGTH DATA ELEMENTS
- fixed length control field: 240327|| aca||aabn | a|a d
040 ## - CATALOGING SOURCE
- Original cataloging agency: BD-RjUL
- Transcribing agency: BD-RjUL
150 ## - HEADING--TOPICAL TERM
- Topical term or geographic name entry element: Persian literature
- Geographic subdivision: Pakistan
- General subdivision: History and criticism
670 ## - SOURCE DATA FOUND
- Source citation: Work cat.: (BD-RjUL)83497: Aḥmad, Ẓuhūr al-Dīn, 1914- 12568, پاکستان میں فارسی ادب ;; Pākistān men̲ Fārsī adab /, 1965?-<2006>